000 00358 a2200169 4500
001 170274
020 _a85-08-08373-4
040 _cMagnum
100 _aMachado, Ana Maria
240 1 0 _aO mistério da ilha
_lpor
245 1 0 _aO mistério da ilha
300 _a60
362 0 _a2003
440 1 _aÁtica
697 _aLITERATURA JUVENIL
942 _cBK
999 _c170274
_d170274